000 00704nam a22002537a 4500
001 BR8707150
003 BR-BrBNA
005 20230928092751.0
007 ta
008 230509b bl.||||| |||| 00| 0 por d
040 _aBR-BrBNA
_bpor
_cBiblioteca Nacional de Agricultura
041 _a(Por)
072 _aF01
_b0210
090 _ 0210 BR8707150
100 1 _aDias, C.A.C.
245 1 _aBatatinha; uma cultura muito lucrativa para quem planta com cuidado
260 3 _aSao Paulo, SP (Brasil):
_bIcone ed.,
_c1986.
300 _a101 p.
500 _aSummary (Por); 21 ref.; 26 illus.
650 _aBATATA
650 _aPRATICA CULTURAL
909 _a202309
_bLucia
_c55
_dLucia Elande
942 _cBK
999 _c41078
_d41078